Miglior Piazzamento ai Mondiali di calcio - Statistics

Statistiche generali
  • Questo quiz è stato fatto 75 volte
  • Il punteggio medio è 32 su 82
Statistiche sulle risposte
Hint Risposta % Corretto
Italia Campione del mondo
71%
Spagna Campione del mondo
71%
Brasile Campione del mondo
69%
Uruguay Campione del mondo
67%
Francia Campione del mondo
65%
Germania Campione del mondo
64%
Argentina Campione del mondo
64%
Trinidad e Tobago Primo turno
64%
Paesi Bassi Finale
60%
Honduras Primo turno
60%
El Saòvador Primo turno
60%
Giamaica Primo turno
60%
Angola Primo turno
60%
Kuwait Primo turno
58%
Togo Primo turno
58%
Croazia Finale
56%
Israele Primo turno
56%
Haiti Primo turno
56%
Zaire Primo turno
56%
Panama Primo turno
56%
Qatar Primo turno
56%
Inghilterra Campione del mondo
55%
Iran Primo turno
53%
Iraq Primo turno
53%
Cina Primo turno
53%
Emirati Arabi Uniti Primo turno
49%
Bolivia Primo turno
47%
Nuova Zelanda Primo turno
47%
Australia Ottavi di finale
45%
Slovenia Primo turno
45%
Colombia Quarti di finale
45%
Ungheria Finale
44%
Messico Quarti di finale
44%
Svezia Finale
42%
Islanda Primo turno
42%
Senegal Quarti di finale
42%
Ucraina Quarti di finale
42%
Marocco Quarto posto
42%
Danimarca Quarti di finale
38%
Cecoslovacchia Finale
36%
Grecia Ottavi di finale
36%
Sudafrica Primo turno
36%
Portogallo Terzo posto
36%
Ecuador Ottavi di finale
35%
Slovacchia Ottavi di finale
35%
Tunisia Primo turno
35%
Canada Primo turno
35%
Bosnia ed Erzegovina Primo turno
35%
Svizzera Quarti di finale
35%
Russia Quarti di finale
35%
Nigeria Ottavi di finale
33%
Camerun Quarti di finale
33%
Belgio Terzo posto
33%
Serbia Ottavi di finale
31%
Giappone Ottavi di finale
29%
Algeria Ottavi di finale
29%
Ghana Quarti di finale
29%
Turchia Terzo posto
29%
Norvegia Ottavi di finale
25%
Egitto Ottavi di finale
25%
Arabia Saudita Ottavi di finale
25%
Costa d'Avorio Primo turno
25%
Costa Rica Quarti di finale
25%
Corea del Sud Quarto posto
25%
Polonia Terzo posto
25%
Scozia Primo turno
24%
Romania Quarti di finale
24%
Corea del Nord Quarti di finale
18%
Irlanda Quarti di finale
18%
Paraguay Quarti di finale
18%
Bulgaria Quarto posto
18%
Galles Quarti di finale
16%
Stati Uniti Terzo posto
16%
Cile Terzo posto
16%
Jugoslavia Quarto posto
13%
Unione Sovietica Quarto posto
13%
Austria Terzo posto
13%
Indie Orientali olandesi Ottavi di finale
9%
Repubblica Ceca Primo turno
9%
Cuba Quarti di finale
9%
Irlanda del Nord Quarti di finale
9%
Perù Quarti di finale
9%
Nessun quiz corrispondente trovato
Distribuzione punteggi
Percentuale di utenti per punteggio
Percentile per numero di risposta
I tuoi punteggi nel tempo
Non hai fatto questo quiz